00885nam a2200265Ia 4500003000400000005001700004008004100021020001800062040001800080041000800098082002500106100002800131245005300159250000600212260004200218300003100260650002500291650003200316650003000348700002600378700002800404942003400432999001900466952013400485OSt20250624113253.0210716s2016 xx 000 0 und d a9788120352094 cAIMIT LIBRARY aeng a005.740285 21bBENI aBen Gan, Itzik.9215853 aT sql querying /cBy Itzik Ben- Gan ...[et.al.]. a1 aNew DelhibPHI Learning Pvt Ltdc2016 axxiii,836p.;bPBc24.5 cm. aQuery tuning9215854 aMulti table queries9215855 aData modification9215856 aSarka, Dejan.9215857 aMachanic, Adam.9215858 2ddccBKe1stk005.740285 BENI c195108d195108 001040708MCAaAIMITbAIMITeKnowledge Worldg895.00l0o005.740285 BENIpMCA14617r2026-05-23 00:00:00v671.25w2021-07-16yBK